Statistieken voor Kiesdistricten van Wallonië

Klik hier om de quiz te nemen!

Algemene statistieken

  • Deze quiz is 4 keer genomen
  • De gemiddelde score is 5 van 11

Antwoorden op de kaart

Antwoorden kleurgecodeerd door een groen-rode schaal op de quizkaart volgens % correct hieronder.
 

Antwoordstatistieken

Antwoord% Correct
Luik
100%
Namen
100%
Bergen
67%
Aarlen-Marken-en-Famenne-Bastenaken-Neufchâteau-Virton
33%
Charleroi-Thuin
33%
Dinant-Philippeville
33%
Doornik-Aat-Moeskroen
33%
Hoei-Borgworm
33%
Nijvel
33%
Verviers
33%
Zinnik
33%

Scoreverdeling

Percentiel versus Aantal Correcte Antwoorden

Procent van Mensen met Elke Score

Uw Scoregeschiedenis

U heeft deze quiz nog niet genomen